Green Brand Logos - Statistics

General Stats
  • This quiz has been taken 1,513 times
  • The average score is 11 of 15
Answer Stats
Picture Answer % Correct
Starbucks
98%
X-Box
97%
Spotify
95%
Monster
92%
Sprite
92%
Subway
90%
Android
89%
Mountain Dew
82%
LaCoste
78%
Excel
68%
BP
67%
John Deere
58%
Knorr
51%
Skoda Auto
16%
Aer Lingus
9%
No matching quizzes found
Score Distribution
Percent of People with Each Score
Percentile by Number Answered
Your Score History
You have not taken this quiz